000 00657nam a2200193 4500
001 120167
003 ES-MaACL
005 20230906191459.0
007 t|
008 070214s1963 sp r ||||1| spa d
100 1 _aPipes, Louis A.
_992315
245 1 0 _aMatemáticas aplicadas para ingenieros y físicos /
_cLouis A. Pipes ; traducido por Tomás Gómez de Dios ; con la revisión técnica de: Rafael Gómez de Ureta.
250 _a2ª ed.
260 _aMadrid :
_bCastillo,
_c1963.
300 _aXII, 723 p. :
_bil. ;
_c24 cm.
700 1 _aGómez de Dios, Tomás.
_957891
700 1 _aGómez de Ureta, Rafael.
_957924
852 _aES-MaACL
_jC-22899
999 _c120167
_d120167